Central Library OPAC University of Rajshahi

Handbook of philosophy / (Record no. 1068)

MARC details
000 -LEADER
fixed length control field 00653cam a22002411 4500
001 - CONTROL NUMBER
control field 1068
003 - CONTROL NUMBER IDENTIFIER
rucl marc code BD-RjUL
005 - DATE AND TIME OF LATEST TRANSACTION
control field 20211208233254.0
008 - FIXED-LENGTH DATA ELEMENTS--GENERAL INFORMATION
fixed length control field 131124s1959 xx 000 0 eng
035 ## - SYSTEM CONTROL NUMBER
System control number (BD-RjUL) 1090
System control number (OCoLC)1040479
040 ## - CATALOGING SOURCE
Original cataloging agency DLC
Transcribing agency NWM
Modifying agency Uk
-- DLC
-- BD-RjUL
Language of cataloging eng
041 ## - LANGUAGE CODE
Language code of text/sound track or separate title eng
082 ## - DEWEY DECIMAL CLASSIFICATION NUMBER
Classification number 103
Author mark and year BRH 1959
100 1# - MAIN ENTRY--PERSONAL NAME
Personal name Briggs, Michael H.
9 (RLIN) 3152
245 00 - TITLE STATEMENT
Title Handbook of philosophy /
Statement of responsibility, etc. Michael H. Briggs.
260 ## - PUBLICATION, DISTRIBUTION, ETC. (IMPRINT)
Place of publication, distribution, etc. New York :
Name of publisher, distributor, etc. Philosophical Library,
Date of publication, distribution, etc. [1959]
300 ## - PHYSICAL DESCRIPTION
Pagination 214 p. ;
Size 20 cm.
650 #0 - SUBJECT ADDED ENTRY--TOPICAL TERM
Topical term or geographic name as entry element Philosophy
Form subdivision Dictionaries.
9 (RLIN) 3153
942 ## - ADDED ENTRY ELEMENTS (KOHA)
Source of classification or shelving scheme Dewey Decimal Classification
Koha item type Books
Holdings
Lost status Source of classification or shelving scheme Damaged status Not for loan Collection code Permanent Location Current Location Shelving location Date acquired Source of acquisition Cost, normal purchase price Total Checkouts Full call number Date last seen Copy number Koha item type
  Dewey Decimal Classification   Not For Loan Non-fiction Central Library, University of Rajshahi Central Library, University of Rajshahi Reading Room 05/03/1963 Zeetinger 30.00   103 BRH 1959 24/11/2013 C-1 Books